UM Logo

Teaching profession: (Record no. 16162)

MARC details
000 -LEADER
fixed length control field 00550nam a22001817a 4500
008 - FIXED-LENGTH DATA ELEMENTS--GENERAL INFORMATION
fixed length control field 210527b ||||| |||| 00| 0 eng d
020 ## - INTERNATIONAL STANDARD BOOK NUMBER
International Standard Book Number 9786210400199
082 ## - DEWEY DECIMAL CLASSIFICATION NUMBER
Edition number 2019
Classification number DFil 371.102
Item number P289
100 ## - MAIN ENTRY--PERSONAL NAME
Personal name Pawilen, Greg T., author
9 (RLIN) 43270
245 ## - TITLE STATEMENT
Title Teaching profession:
Remainder of title passion and mission/
Statement of responsibility, etc. Greg Tabios Pawilen
250 ## - EDITION STATEMENT
Edition statement Second edition
260 ## - PUBLICATION, DISTRIBUTION, ETC. (IMPRINT)
Place of publication, distribution, etc. Manila :
Name of publisher, distributor, etc. Rex Book Store,
Date of publication, distribution, etc. ©2019.
300 ## - PHYSICAL DESCRIPTION
Extent iii, 147 pages;
Dimensions 25 cm.
500 ## - GENERAL NOTE
General note Includes index.
650 ## - SUBJECT ADDED ENTRY--TOPICAL TERM
Topical term or geographic name as entry element Teaching.
9 (RLIN) 43276
365 ## - TRADE PRICE
Price amount 400.00
Currency code Php
942 ## - ADDED ENTRY ELEMENTS (KOHA)
Source of classification or shelving scheme Dewey Decimal Classification
Koha item type Filipiniana
Holdings
Withdrawn status Lost status Source of classification or shelving scheme Damaged status Not for loan Collection code Home library Current library Shelving location Date acquired Source of acquisition Cost, normal purchase price Total Checkouts Full call number Barcode Date last seen Date last checked out Copy number Price effective from Koha item type
    Dewey Decimal Classification     Filipiniana UM Digos College - LIC UM Digos College - LIC Book Cart 05/12/2021 Purchased 400.00 6 DFil 371.102 P289 2019 26130 11/10/2025 11/03/2025 1 05/27/2021 Filipiniana
    Dewey Decimal Classification     Filipiniana UM Digos College - LIC UM Digos College - LIC Book Cart 05/12/2021 Purchased 400.00 3 DFil 371.102 P289 2019 26131 05/15/2025 06/27/2022 2 05/27/2021 Filipiniana
    Dewey Decimal Classification     Filipiniana UM Digos College - LIC UM Digos College - LIC Book Cart 05/12/2021 Purchased 400.00 5 DFil 371.102 P289 2019 26132 05/15/2025 02/15/2023 3 05/27/2021 Reserve